| 000 | 00767nam a2200253Ia 4500 | ||
|---|---|---|---|
| 003 | OSt | ||
| 005 | 20220928113554.0 | ||
| 006 | a|||||r|||| 00| 0 | ||
| 007 | ta | ||
| 008 | 220927b |||||||| |||| 00| 0 eng d | ||
| 020 | _cUSD 140.00 | ||
| 024 | _a141469 | ||
| 037 |
_b050, 13/12/2019, Classic Book Service _cTextual |
||
| 040 |
_aSDCL _cSDCL _beng |
||
| 041 |
_2eng _aeng |
||
| 082 | _aQ2, Q9 | ||
| 100 |
_aMistry Jasper Ed. _9433880 |
||
| 245 | 0 |
_aHinduism _b A comprehensive overview of the world's oldest religion |
|
| 260 |
_aNew York _b Larsen and Keller _c2019 |
||
| 300 |
_avii,202p. _ccm. |
||
| 650 | _aEnglish | ||
| 942 |
_hQ2, Q9 _cTEXL _2CC |
||
| 999 |
_c750287 _d750287 |
||